00885 a2200217 4500003000500000005001700005010001600022020002800038040000900066082001600075100001900091245005700110260003600167300003300203490004700236505023400283650002700517650004200544650003600586830004500622Nust20220729162304.0 a 97049061 a0890067023 (alk. paper) cNust00a384.535,WEB1 aWebb, William,10aIntroduction to wireless local loop /cWilliam Webb. aBoston :bArtech House,cc1998. axv, 319 p. :bill. ;c24 cm.1 aArtech House mobile communications library aPart 1.Setting The Scene (Page-1), Part 2: Why Wireless? (Page-35), Part 3: Technical Information about Wireless (Page-69), Part 4: Wireless Radio Technologies (Page-129), Part.-5: Deploying Wireless Local Loop System (Page-193). 0aLocal loop (Telephony) 0aTelecommunicationxSwitching systems. 0aWireless communication systems. 0aArtech House telecommunications library.